000 00447nam a2200157Ia 4500
008 210716s2015 xx 000 0 und d
020 _a9789352131624
041 _aeng
082 _a004.607 JOND
100 _aJones, Darren.
245 _aJava script: novice to ninja.
_bNovice to ninja.
250 _a1
260 _aNew Delhi
_bShroff Publishers and Distributors Pvt Ltd
_c2015
300 _axxviii,477
650 _aWeb Design & Development
999 _c195064
_d195064